| 000 -LEADER |
| fixed length control field |
00482nam a2200145 4500 |
| 008 - FIXED-LENGTH DATA ELEMENTS--GENERAL INFORMATION |
| fixed length control field |
210115b ||||| |||| 00| 0 eng d |
| 082 00 - DEWEY DECIMAL CLASSIFICATION NUMBER |
| Classification number |
621.3815 |
| Item number |
M655 |
| 100 ## - MAIN ENTRY--PERSONAL NAME |
| 9 (RLIN) |
4229 |
| Personal name |
Millman, Jacob |
| 245 10 - TITLE STATEMENT |
| Title |
Integrated electronics :analog and digital circuits and systems / |
| 260 ## - PUBLICATION, DISTRIBUTION, ETC. (IMPRINT) |
| Place of publication, distribution, etc |
New Delhi: |
| Name of publisher, distributor, etc |
Tata Mcgrawhill |
| Date of publication, distribution, etc |
1995. |
| 300 ## - PHYSICAL DESCRIPTION |
| Extent |
xv, 910 p. |
| 650 #0 - SUBJECT ADDED ENTRY--TOPICAL TERM |
| Topical term or geographic name as entry element |
Integrated circuits |
| 700 ## - ADDED ENTRY--PERSONAL NAME |
| 9 (RLIN) |
4231 |
| Personal name |
Halkias, Christos C. |
| 942 ## - ADDED ENTRY ELEMENTS (KOHA) |
| Source of classification or shelving scheme |
|
| Item type |
Books |